[Event "4NCL/Div4a/GLOSG vs. SXM"]
[Site "Telford ENG"]
[Date "2004.11.06"]
[Round "1.6"]
[White "Richardson, Joe"]
[Black "Mattos, Chris"]
[Result "0-1"]
[WhiteElo "1890"]
[BlackElo "2010"]
[PlyCount "122"]
[EventDate "2004.11.06"]
[SourceDate "2004.09.21"]

1. e4 d5 2. exd5 Qxd5 3. Nc3 Qa5 4. d4 Nf6 5. Bd2 c6 6. h3 Qb6 7. Nf3 Bf5 8.
Bc4 e6 9. O-O Nbd7 10. Bb3 Bd6 11. Re1 O-O 12. Be3 Nd5 13. Nxd5 cxd5 14. Nh4
Bg6 15. Nxg6 hxg6 16. Bg5 Nf6 17. Bxf6 gxf6 18. Qg4 f5 19. Qh4 Kg7 20. c3 Qc7
21. g3 Rh8 22. Qg5 Rh5 23. Qe3 f4 24. gxf4 Bxf4 25. Qf3 Rf5 26. Qd3 Rh8 27. Kg2
Qe7 28. Rh1 Qg5+ 29. Kf1 Bg3 30. f3 Bd6 31. Rg1 Qh4 32. Ke2 Qxh3 33. Qe3 Qh2+
34. Qf2 Qxf2+ 35. Kxf2 Rh3 36. Bd1 Rh2+ 37. Rg2 Rxg2+ 38. Kxg2 Rh5 39. f4 Rh4
40. b4 Bxf4 41. Rb1 Rh2+ 42. Kf3 Bd6 43. Ke3 Rxa2 44. Be2 g5 45. Rf1 Bf4+ 46.
Kf3 Ra3 47. Kg2 Rxc3 48. Rd1 Rc2 49. Kf3 Rd2 50. Ra1 Rxd4 51. b5 a6 52. bxa6
bxa6 53. Rxa6 Bd2 54. Ra7 Rf4+ 55. Kg3 Be1+ 56. Kh3 Rh4+ 57. Kg2 g4 58. Ra1 Bc3
59. Rc1 Be5 60. Rc8 Rh2+ 61. Kf1 g3 0-1

[Event "4NCL/Div4a/GUI4 vs. HKF3"]
[Site "Telford ENG"]
[Date "2004.11.06"]
[Round "1.1"]
[White "Stimpson, Philip M"]
[Black "Summerscale, Claire E"]
[Result "1-0"]
[WhiteElo "2125"]
[BlackElo "2036"]
[PlyCount "45"]
[EventDate "2004.11.06"]
[SourceDate "2004.09.21"]

1. e4 d5 2. exd5 Qxd5 3. Nc3 Qa5 4. d4 Nf6 5. Nf3 Bf5 6. Bd2 c6 7. Ne4 Qd8 8.
Nxf6+ exf6 9. Bc4 Qe7+ 10. Be2 Qe4 11. Rc1 Qd5 12. c4 Qd8 13. Qb3 b6 14. O-O
Bd6 15. Bd3 Be6 16. d5 cxd5 17. cxd5 Bxd5 18. Bb5+ Ke7 19. Rfe1+ Be6 20. Nd4
Bxh2+ 21. Kxh2 Qxd4 22. Bb4+ Kd8 23. Red1 1-0

[Event "4NCL/Div4a/GUI4 vs. HKF3"]
[Site "Telford ENG"]
[Date "2004.11.06"]
[Round "1.2"]
[White "Giles, Benjamin"]
[Black "Shepley, Julien M"]
[Result "1/2-1/2"]
[WhiteElo "2075"]
[BlackElo "2116"]
[PlyCount "160"]
[EventDate "2004.11.06"]
[SourceDate "2004.09.21"]

1. d4 d5 2. c4 e6 3. Nc3 c5 4. cxd5 exd5 5. Nf3 Nc6 6. e3 Nf6 7. Bb5 a6 8.
Bxc6+ bxc6 9. O-O Bd6 10. b3 O-O 11. Bb2 Bg4 12. dxc5 Bxc5 13. Rc1 Bd6 14. Ne2
Rc8 15. Qd3 Qe7 16. Ned4 Bxf3 17. Nxf3 Ba3 18. Bxa3 Qxa3 19. Rc2 Rfe8 20. Rfc1
c5 21. Qf5 h6 22. Ne5 Rc7 23. h3 Rd8 24. Qf4 Rdc8 25. Qf5 a5 26. Ng4 Nxg4 27.
hxg4 Rd8 28. Qe5 Rcd7 29. Qc3 a4 30. Qxc5 Qxc5 31. Rxc5 axb3 32. axb3 d4 33.
exd4 Rxd4 34. Rc8 Rxc8 35. Rxc8+ Kh7 36. Rc4 Rd1+ 37. Kh2 Rb1 38. b4 Rb2 39.
Kg3 Kg6 40. Rc6+ f6 41. Rb6 h5 42. gxh5+ Kxh5 43. b5 Rb4 44. f3 Kg5 45. Rb8 Kg6
46. b6 Kg5 47. b7 Kg6 48. Kf2 Rb3 49. Ke2 Kh7 50. Kd2 Kg6 51. Kc2 Rb6 52. Kc3
Rb1 53. Kd4 Rd1+ 54. Ke4 Rb1 55. f4 Rb4+ 56. Kd5 Rb1 57. g4 Rd1+ 58. Ke6 Re1+
59. Kd7 Rd1+ 60. Ke7 Rb1 61. Kf8 Kh7 62. Kf7 Rb2 63. f5 Rb1 64. Ke6 Re1+ 65.
Kd5 Rd1+ 66. Ke4 Re1+ 67. Kf3 Rb1 68. g5 fxg5 69. Kg4 Rg1+ 70. Kh5 Rh1+ 71.
Kxg5 Rg1+ 72. Kf4 Rb1 73. Ke5 Re1+ 74. Kd4 Rb1 75. Kc3 Rb6 76. Kd4 Rb1 77. Kd5
Rd1+ 78. Ke6 Re1+ 79. Kf7 Rb1 80. Kf8 Rb2 1/2-1/2

[Event "4NCL/Div4a/GUI4 vs. HKF3"]
[Site "Telford ENG"]
[Date "2004.11.06"]
[Round "1.3"]
[White "Smart, Michael R"]
[Black "Keevil, Paul"]
[Result "1-0"]
[WhiteElo "2070"]
[BlackElo "1990"]
[PlyCount "61"]
[EventDate "2004.11.06"]
[SourceDate "2004.09.21"]

1. e4 c5 2. Nf3 Nc6 3. d4 cxd4 4. Nxd4 e6 5. Be3 Nf6 6. Nd2 Nxd4 7. Bxd4 d5 8.
e5 Nd7 9. Qg4 Qc7 10. O-O-O Nxe5 11. Bxe5 Qxe5 12. Bb5+ Kd8 13. Nf3 Qf6 14. c4
a6 15. Ba4 b5 16. cxd5 bxa4 17. dxe6+ Kc7 18. Qc4+ Kb6 19. Nd4 Qf4+ 20. Kb1
Qe4+ 21. Ka1 Bxe6 22. Qxa4 Bc5 23. Rhe1 Qxg2 24. Nxe6 fxe6 25. Rxe6+ Ka7 26.
Qxa6+ Kb8 27. Qb5+ Qb7 28. Qxc5 Rc8 29. Qe5+ Rc7 30. Rd8+ Ka7 31. Qa5+ 1-0

[Event "4NCL/Div4a/GUI4 vs. HKF3"]
[Site "Telford ENG"]
[Date "2004.11.06"]
[Round "1.4"]
[White "Dale, Hannah"]
[Black "Hill, David F"]
[Result "0-1"]
[WhiteElo "1875"]
[BlackElo "2071"]
[PlyCount "74"]
[EventDate "2004.11.06"]
[SourceDate "2004.09.21"]

1. c4 e6 2. Nc3 d5 3. cxd5 exd5 4. Nf3 Nf6 5. d3 Be7 6. Bf4 O-O 7. Qc2 Na6 8.
a3 d4 9. Nb5 c5 10. Qd2 Qb6 11. a4 Nd5 12. Ne5 Qf6 13. g3 g5 14. Bg2 gxf4 15.
Bxd5 Qxe5 16. Be4 Bg5 17. h4 Bh6 18. Na3 Kh8 19. Nc4 Qf6 20. gxf4 Bxf4 21. e3
Be5 22. Rg1 Bc7 23. O-O-O Bd7 24. exd4 Bf4 25. Ne3 cxd4 26. Bxb7 Rab8 27. Kb1
dxe3 28. fxe3 Rxb7 29. exf4 Rfb8 30. Rg2 Bh3 31. Rh2 Bf5 32. Qe2 Nc5 33. Qe5
Qxe5 34. fxe5 Nxd3 35. Rf1 Nxb2+ 36. Rxf5 Nxa4+ 37. Ka2 Nc3+ 0-1

[Event "4NCL/Div4a/GUI4 vs. HKF3"]
[Site "Telford ENG"]
[Date "2004.11.06"]
[Round "1.5"]
[White "Argandewal, Aryan"]
[Black "Foord, Dominic"]
[Result "0-1"]
[WhiteElo "1735"]
[BlackElo "1805"]
[PlyCount "60"]
[EventDate "2004.11.06"]
[SourceDate "2004.09.21"]

1. e4 e5 2. Nc3 Nf6 3. Nf3 Nc6 4. a3 d5 5. exd5 Nxd5 6. Nxd5 Qxd5 7. d3 Bg4 8.
h3 Bxf3 9. gxf3 O-O-O 10. Be3 f5 11. h4 Nd4 12. Bg2 Be7 13. Rh3 Rhe8 14. Qd2
Qc6 15. Bxd4 Rxd4 16. O-O-O Rxh4 17. Qe3 Qg6 18. Rg3 Qh6 19. Qxh6 gxh6 20. Rg7
Bg5+ 21. Kb1 Rh2 22. Bh1 Rxf2 23. Rf7 f4 24. Re1 Rh2 25. Rxh7 Re7 26. Rxe7 Bxe7
27. Ka2 Bg5 28. c3 Kd7 29. Kb3 Kd6 30. c4 Bh4 0-1

[Event "4NCL/Div4a/GUI4 vs. HKF3"]
[Site "Telford ENG"]
[Date "2004.11.06"]
[Round "1.6"]
[White "Fowler, Keith"]
[Black "Morris, Priscilla"]
[Result "1-0"]
[WhiteElo "1625"]
[BlackElo "1590"]
[PlyCount "93"]
[EventDate "2004.11.06"]
[SourceDate "2004.09.21"]

1. c4 Nf6 2. Nc3 g6 3. Nf3 Bg7 4. d4 d6 5. e4 O-O 6. h3 e5 7. d5 Nbd7 8. Be3
Nc5 9. Bxc5 dxc5 10. Bd3 Nh5 11. O-O Nf4 12. Ne2 f5 13. Nxf4 exf4 14. e5 g5 15.
Qc2 h5 16. Rae1 g4 17. e6 Qf6 18. e7 Re8 19. Nd2 Qxb2 20. Bxf5 Qxc2 21. Bxc2
Kf7 22. Re4 Bf5 23. Rxf4 Kg6 24. Rxf5 Rxe7 25. Rf8+ Kg5 26. Rxa8 Re2 27. Ne4+
Kf4 28. Bb1 gxh3 29. gxh3 Bd4 30. Kg2 a6 31. Rf8+ Ke5 32. Rf7 b5 33. cxb5 axb5
34. Rxc7 c4 35. Rc5 Bxc5 36. Nxc5 Kxd5 37. Nd7 Kd4 38. Rd1+ Kc3 39. Rd5 Rd2 40.
Rxd2 Kxd2 41. f4 Kc1 42. Be4 Kb2 43. f5 Kxa2 44. f6 c3 45. Nc5 b4 46. f7 b3 47.
Nxb3 1-0

[Event "4NCL/Div4a/RICB vs. GUI4"]
[Site "Telford ENG"]
[Date "2004.11.07"]
[Round "2.1"]
[White "Kenyon, Scott"]
[Black "Stimpson, Philip M"]
[Result "0-1"]
[WhiteElo "1875"]
[BlackElo "2125"]
[PlyCount "38"]
[EventDate "2004.11.07"]
[SourceDate "2004.09.21"]

1. e4 d5 2. exd5 Nf6 3. d4 Bg4 4. f3 Bf5 5. Bc4 Nxd5 6. c3 e6 7. Ne2 Bd6 8. Qb3
Nb6 9. Nd2 O-O 10. g4 Qh4+ 11. Kd1 Bg6 12. f4 N8d7 13. g5 Rad8 14. Rg1 Qxh2 15.
Nf3 Qf2 16. Ne5 Bxe5 17. fxe5 Nxe5 18. Bxe6 Bd3 19. Re1 Nf3 0-1

[Event "4NCL/Div4a/RICB vs. GUI4"]
[Site "Telford ENG"]
[Date "2004.11.07"]
[Round "2.2"]
[White "Shepley, Julien M"]
[Black "Ryan, Julian"]
[Result "1-0"]
[WhiteElo "2116"]
[BlackElo "1725"]
[PlyCount "77"]
[EventDate "2004.11.07"]
[SourceDate "2004.09.21"]

1. d4 Nf6 2. c3 d5 3. Bg5 Nbd7 4. Nf3 e6 5. Nbd2 Bd6 6. e4 dxe4 7. Nxe4 Be7 8.
Nxf6+ Nxf6 9. Bd3 O-O 10. Qe2 c6 11. h4 h6 12. Bxf6 Bxf6 13. Qe4 Re8 14. g4 Qd5
15. Qh7+ Kf8 16. Be4 Qb5 17. O-O-O g6 18. Qxh6+ Bg7 19. Qf4 e5 20. Nxe5 Bxe5
21. dxe5 Qxe5 22. Qxe5 Rxe5 23. Bf3 Be6 24. a3 Re8 25. Rde1 Bd5 26. Rxe5 Rxe5
27. Bxd5 cxd5 28. Kd2 f5 29. Re1 Rxe1 30. Kxe1 fxg4 31. Ke2 Ke7 32. Ke3 Ke6 33.
Kf4 d4 34. cxd4 Kd5 35. Kxg4 Kxd4 36. Kg5 Kc4 37. Kxg6 Kb3 38. h5 Kxb2 39. h6
1-0

[Event "4NCL/Div4a/RICB vs. GUI4"]
[Site "Telford ENG"]
[Date "2004.11.07"]
[Round "2.3"]
[White "Gaudeau, Valentin"]
[Black "Hill, David F"]
[Result "0-1"]
[WhiteElo "1745"]
[BlackElo "2071"]
[PlyCount "88"]
[EventDate "2004.11.07"]
[SourceDate "2004.09.21"]

1. e4 c5 2. Nf3 e6 3. d4 cxd4 4. Nxd4 Nf6 5. Bd3 Nc6 6. Nxc6 bxc6 7. O-O d5 8.
e5 Nd7 9. f4 Bc5+ 10. Kh1 a5 11. Qg4 g6 12. Nd2 f5 13. Qh3 Be7 14. g4 Nc5 15.
gxf5 exf5 16. Rg1 Ne4 17. Rg2 Bc5 18. Bxe4 fxe4 19. Qc3 Qb6 20. Nb3 Bb4 21. Qe3
Qb7 22. c3 Be7 23. Rb1 a4 24. Nd2 Bf5 25. Nf1 Qb5 26. Ng3 Bh3 27. Rc2 Bg4 28.
c4 Qb7 29. cxd5 cxd5 30. Bd2 d4 31. Qxd4 e3+ 32. Kg1 exd2 33. Qxd2 Rd8 34. Qa5
Qd7 35. Qe1 O-O 36. Rc4 Be6 37. Rc2 Rxf4 38. Qe3 Bg5 39. Qb6 Rd4 40. Rc7 Be3+
41. Kf1 Rd1+ 42. Kg2 Qd5+ 43. Ne4 Qxe4+ 44. Kg3 Qg4# 0-1

[Event "4NCL/Div4a/RICB vs. GUI4"]
[Site "Telford ENG"]
[Date "2004.11.07"]
[Round "2.4"]
[White "Smart, Michael R"]
[Black "Kamara, Khalid"]
[Result "1-0"]
[WhiteElo "2070"]
[BlackElo "1685"]
[PlyCount "149"]
[EventDate "2004.11.07"]
[SourceDate "2004.09.21"]

1. e4 c5 2. Nf3 d6 3. d4 cxd4 4. Nxd4 Nf6 5. Nc3 a6 6. Bg5 e6 7. f4 Be7 8. Qf3
Nbd7 9. O-O-O Qc7 10. Bd3 b5 11. Rhe1 Bb7 12. Qg3 Kf8 13. e5 dxe5 14. fxe5 Nd5
15. Bxe7+ Nxe7 16. Qf4 Nc5 17. Rf1 Nd5 18. Nxd5 Bxd5 19. Rf2 Bxa2 20. Be4 Rd8
21. Bc6 Bd5 22. Bxd5 Rxd5 23. Kb1 b4 24. Rdf1 Rd7 25. Qf3 Qb7 26. Qe3 Kg8 27.
Nb3 Nxb3 28. Qxb3 a5 29. Qxe6 g6 30. Qf6 Qd5 31. h4 h5 32. Rf3 Kh7 33. Rd3 Qb7
34. Rxd7 Qxd7 35. Qxf7+ Qxf7 36. Rxf7+ Kh6 37. Ra7 Rg8 38. Rxa5 g5 39. Ra6+ Kh7
40. Ra4 b3 41. cxb3 gxh4 42. Rxh4 Kh6 43. Rh2 Kg5 44. Kc2 Rh8 45. Kc3 Kf5 46.
Kd4 Ke6 47. Rh4 Rb8 48. Rxh5 Rxb3 49. Rh6+ Ke7 50. Kd5 Rxb2 51. Rg6 Kf7 52. Rg4
Rd2+ 53. Ke4 Re2+ 54. Kf4 Ra2 55. Rg5 Rf2+ 56. Kg3 Ra2 57. Kh4 Ke6 58. Kh5 Re2
59. g4 Rh2+ 60. Kg6 Rh8 61. Rf5 Rg8+ 62. Kh5 Rh8+ 63. Kg5 Rd8 64. Kh6 Rh8+ 65.
Kg7 Rb8 66. Rf6+ Kxe5 67. g5 Rb7+ 68. Rf7 Rb8 69. g6 Ke6 70. Rf8 Rb2 71. Kg8
Rg2 72. g7 Ke7 73. Rf1 Re2 74. Rh1 Ke8 75. Kh8 1-0

[Event "4NCL/Div4a/RICB vs. GUI4"]
[Site "Telford ENG"]
[Date "2004.11.07"]
[Round "2.6"]
[White "Argandewal, Aryan"]
[Black "Cohen-Setton, Jacob"]
[Result "1-0"]
[WhiteElo "1735"]
[BlackElo "1595"]
[PlyCount "55"]
[EventDate "2004.11.07"]
[SourceDate "2004.09.21"]

1. d4 Nf6 2. Bg5 g6 3. Bxf6 exf6 4. c4 Bg7 5. g3 O-O 6. Bg2 f5 7. e3 d6 8. Ne2
Nd7 9. Nbc3 Rb8 10. O-O b6 11. Nb5 Bb7 12. Nxa7 Bxg2 13. Kxg2 Qe8 14. Qc2 Nf6
15. Nb5 Rb7 16. Rad1 Ne4 17. b3 Qe7 18. Nbc3 Nxc3 19. Nxc3 Ra8 20. Nd5 Qd8 21.
Nb4 Qd7 22. d5 Rba7 23. a4 Re8 24. Nc6 Raa8 25. Rfe1 Bf6 26. Re2 Bg7 27. Rde1
Kh8 28. h3 1-0

[Event "4NCL/Div4a/HKF3 vs. GLOSG"]
[Site "Telford ENG"]
[Date "2004.11.07"]
[Round "2.1"]
[White "Ogunshola, Ben"]
[Black "Hosken, Nigel"]
[Result "1-0"]
[WhiteElo "2176"]
[BlackElo "2205"]
[PlyCount "51"]
[EventDate "2004.11.07"]
[SourceDate "2004.09.21"]

1. c4 d6 2. Nc3 e5 3. g3 f5 4. Bg2 Nf6 5. d3 Be7 6. Rb1 c6 7. Nf3 Nbd7 8. b4
O-O 9. O-O Qe8 10. a4 a5 11. b5 c5 12. Ng5 Bd8 13. f4 Ra7 14. b6 Ra6 15. Nb5
Qe7 16. Na7 Nxb6 17. Nxc8 Nxc8 18. Rxb7 Qe8 19. fxe5 Qxe5 20. Bf4 Qe8 21. Rb5
h6 22. Nh3 Ng4 23. Bb7 Ne3 24. Bxe3 Qxe3+ 25. Kg2 Ra7 26. Bxc8 1-0

[Event "4NCL/Div4a/HKF3 vs. GLOSG"]
[Site "Telford ENG"]
[Date "2004.11.07"]
[Round "2.2"]
[White "White, Michael J R"]
[Black "Giles, Benjamin"]
[Result "1-0"]
[WhiteElo "2163"]
[BlackElo "2075"]
[PlyCount "191"]
[EventDate "2004.11.07"]
[SourceDate "2004.09.21"]

1. e4 d5 2. exd5 Nf6 3. c4 c6 4. d4 cxd5 5. Nc3 Nc6 6. Bg5 dxc4 7. Bxc4 e6 8.
Nf3 Be7 9. O-O O-O 10. Rc1 Nd5 11. Bxe7 Ncxe7 12. Qb3 b6 13. Nxd5 Nxd5 14. Bxd5
Qxd5 15. Qxd5 exd5 16. Rc7 Ba6 17. Rfc1 Rfc8 18. h3 Bc4 19. Rxc8+ Rxc8 20. b3
Ba6 21. Rxc8+ Bxc8 22. Ne5 a5 23. b4 f6 24. Nc6 Bb7 25. Nd8 Ba8 26. bxa5 bxa5
27. Kf1 g5 28. Ke2 Kf8 29. Ne6+ Ke7 30. Nc5 Bc6 31. a4 Kd6 32. f4 h5 33. Kf3
Ke7 34. Ke3 Bd7 35. fxg5 fxg5 36. h4 Bc6 37. hxg5 Kf7 38. Kf4 Kg6 39. Nb3 Bxa4
40. Nxa5 Bc2 41. Nc6 Be4 42. Ne5+ Kg7 43. Kg3 Kh7 44. Kh3 Kg7 45. Nf3 Bf5+ 46.
Kh4 Bg4 47. Ne5 Be2 48. Kg3 Bd1 49. Kf4 Bc2 50. Nd7 Be4 51. g3 Kg6 52. Ne5+ Kg7
53. Ke3 Kh7 54. Kd2 Kg7 55. Kc3 Bg2 56. Kb4 Be4 57. Kc5 Bh1 58. Kd6 Be4 59. Ke6
Bh1 60. Kf5 Be4+ 61. Kf4 Kh7 62. Ke3 Kg7 63. Kf2 Kh7 64. Kg1 Kg7 65. Kh2 Bf5
66. Kg2 Kh7 67. g4 hxg4 68. Kg3 Kg7 69. Kf4 Be4 70. Kxg4 Bc2 71. Nd7 Kg6 72.
Nf6 Bb3 73. Kf4 Ba2 74. Ng4 Bb1 75. Nf2 Bc2 76. Nh3 Bf5 77. Ng1 Be4 78. Ne2 Bd3
79. Nc3 Bc4 80. Kg4 Bb3 81. Kh4 Bc4 82. Nd1 Bb3 83. Ne3 Bc4 84. Ng2 Kf5 85.
Ne3+ Kg6 86. Kg4 Ba2 87. Kf4 Bb3 88. Ng2 Bc2 89. Nh4+ Kh5 90. Nf5 Bb3 91. Ne7
Ba2 92. Kf5 Bb1+ 93. Kf6 Be4 94. g6 Kg4 95. g7 Bh7 96. Ke5 1-0

[Event "4NCL/Div4a/HKF3 vs. GLOSG"]
[Site "Telford ENG"]
[Date "2004.11.07"]
[Round "2.3"]
[White "James, Stephen B"]
[Black "Taylor, Geoffrey P"]
[Result "1-0"]
[WhiteElo "2075"]
[BlackElo "2156"]
[PlyCount "105"]
[EventDate "2004.11.07"]
[SourceDate "2004.09.21"]

1. e4 c5 2. Nf3 Nc6 3. d4 cxd4 4. Nxd4 e6 5. Nc3 Nf6 6. Ndb5 d6 7. Bf4 e5 8.
Bg5 a6 9. Na3 b5 10. Bxf6 gxf6 11. Nd5 Be6 12. c3 f5 13. exf5 Bxd5 14. Qxd5 Ne7
15. Qf3 Rc8 16. Nxb5 d5 17. Na3 Qb6 18. Qe2 Bh6 19. Qxa6 Bd2+ 20. Kd1 Qxf2 21.
Qe2 Qxf5 22. Qxd2 O-O 23. Be2 d4 24. Rf1 Qg6 25. Qd3 e4 26. Qg3 d3 27. Qxg6+
hxg6 28. Bxd3 Rfd8 29. Nc2 Nf5 30. g4 Rxd3+ 31. Ke2 Nh4 32. Rad1 Rh3 33. Rf2
Nf3 34. Nd4 Ne5 35. Rg2 Rb8 36. Nb3 Nd3 37. Kf1 Rf3+ 38. Kg1 Nf4 39. Rgd2 Nh3+
40. Kg2 Nf4+ 41. Kh1 Nh3 42. Re1 f5 43. gxf5 gxf5 44. Nd4 Nf2+ 45. Kg2 Nd3 46.
Nxf3 exf3+ 47. Kf1 Nxe1 48. Kxe1 Kf7 49. Kf2 Kf6 50. Kxf3 Rh8 51. c4 Rh3+ 52.
Kg2 Rh7 53. c5 1-0

[Event "4NCL/Div4a/HKF3 vs. GLOSG"]
[Site "Telford ENG"]
[Date "2004.11.07"]
[Round "2.4"]
[White "Buchanan, David"]
[Black "Spearman, David"]
[Result "1/2-1/2"]
[WhiteElo "2100"]
[BlackElo "2030"]
[PlyCount "54"]
[EventDate "2004.11.07"]
[SourceDate "2004.09.21"]

1. e4 d5 2. exd5 Qxd5 3. d4 Nf6 4. Nf3 Bf5 5. c4 Qd8 6. Nc3 e6 7. Be2 c6 8. O-O
h6 9. Re1 Be7 10. Bf4 O-O 11. Qb3 Qc8 12. Rac1 Bd8 13. d5 exd5 14. cxd5 Ba5 15.
dxc6 Nxc6 16. Bc4 Bc7 17. Bxc7 Qxc7 18. Nd5 Nxd5 19. Bxd5 Rab8 20. Ne5 Rbe8 21.
Nxf7 Rxe1+ 22. Rxe1 Kh7 23. Bxc6 Qxc6 24. Ne5 Qc7 25. f4 Rd8 26. Qc3 Qb6+ 27.
Qe3 Qxb2 1/2-1/2

[Event "4NCL/Div4a/HKF3 vs. GLOSG"]
[Site "Telford ENG"]
[Date "2004.11.07"]
[Round "2.5"]
[White "Summerscale, Claire E"]
[Black "White, Ian R"]
[Result "1/2-1/2"]
[WhiteElo "2036"]
[BlackElo "2070"]
[PlyCount "55"]
[EventDate "2004.11.07"]
[SourceDate "2004.09.21"]

1. d4 Nf6 2. Nc3 d5 3. Bg5 e6 4. e4 dxe4 5. Nxe4 Be7 6. Bxf6 gxf6 7. c3 Qd5 8.
Qf3 Nd7 9. Bd3 f5 10. Nd2 Qxf3 11. Ngxf3 b6 12. Bb5 O-O 13. Bc6 Rb8 14. O-O-O
b5 15. Nb3 Rb6 16. Bxd7 Bxd7 17. Ne5 Bc8 18. f4 f6 19. Nd3 b4 20. Ndc5 bxc3 21.
bxc3 Bd6 22. g3 Rd8 23. Rhe1 Kf7 24. Rd2 Bf8 25. Rde2 Rc6 26. Rb2 Rd5 27. h3
Bg7 28. Re3 1/2-1/2

[Event "4NCL/Div4a/HKF3 vs. GLOSG"]
[Site "Telford ENG"]
[Date "2004.11.07"]
[Round "2.6"]
[White "Gilmour, Andrew J"]
[Black "Fowler, Keith"]
[Result "1-0"]
[WhiteElo "2075"]
[BlackElo "1625"]
[PlyCount "67"]
[EventDate "2004.11.07"]
[SourceDate "2004.09.21"]

1. e4 d6 2. d4 Nf6 3. Nc3 g6 4. Be3 Bg7 5. Qd2 O-O 6. O-O-O Nc6 7. f3 e5 8. d5
Ne7 9. g4 c6 10. dxc6 bxc6 11. Qxd6 Qxd6 12. Rxd6 Be6 13. h3 Rfc8 14. Ba6 Rc7
15. Rh2 Ne8 16. Rd1 Rd7 17. Rxd7 Bxd7 18. Rd2 Be6 19. Kb1 Nf6 20. Nge2 h6 21.
Nc1 Nd7 22. Nb3 Nb6 23. Na5 Re8 24. Rd6 Bc8 25. Be2 Bd7 26. Bxb6 axb6 27. Rxd7
bxa5 28. Ra7 Bf6 29. Rxa5 Bg5 30. Rxe5 Kf8 31. Ra5 Bd2 32. Ra3 Rd8 33. Nd1 c5
34. Rd3 1-0

[Event "4NCL/Div4a/SXM vs. CAMB2"]
[Site "Telford ENG"]
[Date "2004.11.07"]
[Round "2.1"]
[White "Prescott, Adam"]
[Black "Jones, Richard M"]
[Result "0-1"]
[WhiteElo "2000"]
[BlackElo "2072"]
[PlyCount "76"]
[EventDate "2004.11.07"]
[SourceDate "2004.09.21"]

1. e4 e5 2. Nf3 Nc6 3. c3 d5 4. Qa4 dxe4 5. Nxe5 Qd5 6. Bb5 Bd7 7. Nxd7 Kxd7 8.
Bxc6+ Qxc6 9. Qxc6+ Kxc6 10. O-O Bc5 11. b4 Bd6 12. a4 Nf6 13. Ba3 Ng4 14. b5+
Kd7 15. Bxd6 cxd6 16. Na3 Ne5 17. f3 exf3 18. d4 Ng4 19. Rxf3 Nf6 20. Re1 Rhe8
21. Rfe3 Nd5 22. Rxe8 Rxe8 23. Rxe8 Kxe8 24. Nc4 Kd7 25. Na5 Nxc3 26. Nxb7 Nxa4
27. Na5 Nc3 28. Nb3 Nxb5 29. Kf2 Ke6 30. Ke3 Kd5 31. Kd3 f5 32. h4 g6 33. g3 h6
34. Nd2 Nxd4 35. Nc4 Nc6 36. Ne3+ Ke5 37. Nc4+ Ke6 38. Ne3 d5 0-1

[Event "4NCL/Div4a/SXM vs. CAMB2"]
[Site "Telford ENG"]
[Date "2004.11.07"]
[Round "2.2"]
[White "Campbell, Mark"]
[Black "Fraser, Joe"]
[Result "1-0"]
[WhiteElo "2030"]
[BlackElo "1897"]
[PlyCount "63"]
[EventDate "2004.11.07"]
[SourceDate "2004.09.21"]

1. e4 c5 2. Nf3 Nc6 3. d4 cxd4 4. Nxd4 Nf6 5. Nc3 e5 6. Ndb5 d6 7. Bg5 a6 8.
Na3 b5 9. Bxf6 gxf6 10. Nd5 f5 11. Bd3 Be6 12. f3 Rg8 13. Qd2 Bxd5 14. exd5 Nd4
15. c3 Qh4+ 16. Kf1 Nxf3 17. gxf3 Qh3+ 18. Ke1 Bh6 19. Qc2 Rg2 20. Be2 e4 21.
fxe4 fxe4 22. Rf1 Qxh2 23. Kd1 Qe5 24. Bxb5+ axb5 25. Qxg2 Qxd5+ 26. Ke1 Bg5
27. Rd1 Bh4+ 28. Ke2 Qh5+ 29. Kd2 e3+ 30. Kxe3 Bg5+ 31. Kd3 Ra4 32. Qe2+ 1-0

[Event "4NCL/Div4a/SXM vs. CAMB2"]
[Site "Telford ENG"]
[Date "2004.11.07"]
[Round "2.3"]
[White "Barraclough, David"]
[Black "Low, Ying Min"]
[Result "0-1"]
[WhiteElo "1945"]
[BlackElo "2025"]
[PlyCount "74"]
[EventDate "2004.11.07"]
[SourceDate "2004.09.21"]

1. e4 c5 2. Nf3 e6 3. d4 cxd4 4. Nxd4 Nc6 5. Nc3 Qc7 6. Ndb5 Qb8 7. Be2 a6 8.
Nd4 Qc7 9. O-O Nf6 10. Bg5 Be7 11. Kh1 Ng4 12. Bxg4 Bxg5 13. g3 Nxd4 14. Qxd4
Bf6 15. Qd3 b5 16. a3 Bb7 17. f4 Bxc3 18. bxc3 Rc8 19. Rad1 d5 20. Bf3 dxe4 21.
Bxe4 Bxe4+ 22. Qxe4 Qxc3 23. Rd6 Qc4 24. Qxc4 Rxc4 25. Rxa6 O-O 26. Rb6 Rxc2
27. Rxb5 Ra2 28. Rb3 g6 29. Kg1 Ra8 30. Rff3 h5 31. h4 Kg7 32. Kf1 Kf6 33. Ke1
Rc8 34. Kd1 Rcc2 35. Rfd3 Rg2 36. Kc1 Ra1+ 37. Rb1 Rg1+ 0-1

[Event "4NCL/Div4a/SXM vs. CAMB2"]
[Site "Telford ENG"]
[Date "2004.11.07"]
[Round "2.4"]
[White "Kreuzer, Christopher"]
[Black "Bucher, Grant"]
[Result "1-0"]
[WhiteElo "1955"]
[BlackElo "1935"]
[PlyCount "39"]
[EventDate "2004.11.07"]
[SourceDate "2004.09.21"]

1. e4 Nc6 2. d4 d5 3. e5 f6 4. Bd3 Nxd4 5. Qh5+ g6 6. Bxg6+ hxg6 7. Qxh8 Nxc2+
8. Kd1 Nxa1 9. Qxg8 Bf5 10. e6 Bxe6 11. Qxe6 c6 12. Nf3 Qb6 13. Re1 Qxf2 14.
Re2 Qf1+ 15. Ne1 d4 16. Bh6 d3 17. Re4 Qf5 18. Bxf8 Kxf8 19. Qxe7+ Kg8 20. Rd4
1-0

[Event "4NCL/Div4a/SXM vs. CAMB2"]
[Site "Telford ENG"]
[Date "2004.11.07"]
[Round "2.5"]
[White "Tucker, Andrew"]
[Black "Spencer, Carl"]
[Result "0-1"]
[WhiteElo "1903"]
[BlackElo "1855"]
[PlyCount "54"]
[EventDate "2004.11.07"]
[SourceDate "2004.09.21"]

1. e4 e6 2. d3 d5 3. Nd2 c5 4. g3 Nc6 5. Bg2 f6 6. Ngf3 Bd6 7. O-O Nge7 8. Re1
O-O 9. Nf1 d4 10. h4 e5 11. N1h2 Be6 12. h5 Rc8 13. Nh4 c4 14. dxc4 Bb4 15. Bd2
Bxc4 16. Bh3 Rc7 17. Ng4 Kh8 18. Bxb4 Nxb4 19. a3 Na6 20. Qf3 Be6 21. Rac1 Qc8
22. Re2 d3 23. Rd2 Rxc2 24. Rdxc2 Qxc2 25. Rd1 Nc5 26. Bf1 Bb3 27. Bxd3 Qxd1+
0-1

[Event "4NCL/Div4a/SXM vs. CAMB2"]
[Site "Telford ENG"]
[Date "2004.11.07"]
[Round "2.6"]
[White "Ball, Chris"]
[Black "Richardson, Joe"]
[Result "0-1"]
[WhiteElo "1610"]
[BlackElo "1890"]
[PlyCount "66"]
[EventDate "2004.11.07"]
[SourceDate "2004.09.21"]

1. e4 e5 2. Nf3 Nc6 3. Bc4 Bc5 4. O-O d6 5. c3 Bg4 6. a4 a6 7. h3 Bh5 8. d3 h6
9. b4 Ba7 10. Re1 Nf6 11. Be3 g5 12. Nbd2 g4 13. hxg4 Bxg4 14. Nf1 h5 15. N1h2
Bxe3 16. Rxe3 Rg8 17. Nxg4 Nxg4 18. Qb3 Qf6 19. Re2 h4 20. Bxf7+ Qxf7 21. Qxf7+
Kxf7 22. Nxh4 Rh8 23. Nf5 Rh7 24. f3 Rah8 25. Ng3 Nf6 26. Kf2 Rg8 27. Rh1 Rxh1
28. Nxh1 Nh5 29. Ke3 Nf4 30. Rb2 Nxg2+ 31. Kf2 Nf4 32. Ke3 Rg1 33. b5 Re1+ 0-1

[Event "4NCL/Div4a/AD3 vs. HKFC"]
[Site "Telford ENG"]
[Date "2004.11.07"]
[Round "2.1"]
[White "Whitmore, Darren"]
[Black "Fowler, Simon"]
[Result "0-1"]
[WhiteElo "2000"]
[BlackElo "2107"]
[PlyCount "50"]
[EventDate "2004.11.07"]
[SourceDate "2004.09.21"]

1. d3 d5 2. Nd2 e6 3. e4 Nf6 4. e5 Nfd7 5. d4 c5 6. c3 Nc6 7. Ngf3 Be7 8. Be2
f6 9. exf6 Bxf6 10. O-O O-O 11. dxc5 Nxc5 12. Nb3 b6 13. Nbd4 Ne7 14. Re1 Ng6
15. Be3 a6 16. Qc2 e5 17. Nb3 Ne6 18. Rad1 Bb7 19. Rd2 Qc7 20. Red1 Rac8 21.
Qf5 Rce8 22. Qg4 Nef4 23. Bxf4 Nxf4 24. Bf1 Bc8 25. Qg3 Nh5 0-1

[Event "4NCL/Div4a/AD3 vs. HKFC"]
[Site "Telford ENG"]
[Date "2004.11.07"]
[Round "2.2"]
[White "Wildig, Robert H"]
[Black "Pritchard, David"]
[Result "1/2-1/2"]
[WhiteElo "2080"]
[BlackElo "1965"]
[PlyCount "63"]
[EventDate "2004.11.07"]
[SourceDate "2004.09.21"]

1. d4 Nf6 2. Nf3 e6 3. c4 b6 4. a3 Bb7 5. Nc3 Be7 6. d5 d6 7. e4 e5 8. Be2 O-O
9. Rb1 Nbd7 10. Nd2 Bc8 11. Nf1 Nc5 12. Ng3 g6 13. b4 Nb7 14. Bh6 Re8 15. h4
Bf8 16. Bxf8 Kxf8 17. h5 Kg7 18. Qd2 a5 19. Bf3 axb4 20. axb4 Bd7 21. O-O Ng4
22. Bxg4 Bxg4 23. h6+ Kh8 24. f3 Bd7 25. Nge2 Qh4 26. g3 Qe7 27. Kg2 f5 28. Ra1
Rec8 29. Qe3 Qd8 30. f4 Qe8 31. fxe5 Qxe5 32. Qd4 1/2-1/2